Chargement en cours...
Palgrave handbook of altruism, morality and social solidarity: Formulating a field of study
| Auteur principal: | |
|---|---|
| Format: | Printed Book |
| Publié: |
New York
Palgrave Macmillan
2014
|
| Sujets: |
| LEADER | 00520nam a22001337a 4500 | ||
|---|---|---|---|
| 020 | |a 9781137391841 | ||
| 082 | |a 301 |b JEF.P | ||
| 100 | |a Vincent Jeffries | ||
| 245 | |a Palgrave handbook of altruism, morality and social solidarity: Formulating a field of study | ||
| 260 | |a New York |b Palgrave Macmillan |c 2014 | ||
| 650 | |a Sociology |a Altruism |a Ethics |a Solidarity | ||
| 942 | |c BK | ||
| 999 | |c 3912 |d 3912 | ||
| 952 | |0 0 |1 0 |4 0 |6 301_000000000000000_JEF_P |7 0 |8 NFIC |9 3908 |a CAMPUS |b CAMPUS |d 2015-05-12 |l 0 |o 301 JEF.P |p 21160 |r 2015-05-12 |w 2015-05-12 |y BK | ||